Biodegradovateľné polymérne zmesi so zmäkčovadlami bakalárska práca

Na minha lista:
Detalhes bibliográficos
Autor principal: Katarína Humajová
Formato: Livro
Idioma:eslovaco
Publicado em: Bratislava STU FCHPT 2018
Acesso em linha:View in OPAC
Tags: Adicionar Tag
Sem tags, seja o primeiro a adicionar uma tag!

MARC

LEADER 00000nam a2200000 a 4500
005 20260127134308.0
008 181107 2018 xo a 001 0 slo d
035 |a vtls011789283 
039 9 |y 201811070847  |z mschk03 
040 |a STUSCHK1  |b slo  |c STUSCHK1  |e AACR2 
100 1 |a Katarína Humajová 
245 1 |a Biodegradovateľné polymérne zmesi so zmäkčovadlami  |b bakalárska práca  |c Katarína Humajová 
260 |a Bratislava  |b STU FCHPT  |c 2018 
300 |a 71 s.  |b il.  |c 25 cm 
500 |a Študijný program: chémia, medicínska chémia a chemické materiály 
500 |a Študijný odbor: chemické technológie, chémia 
500 |a Školiace pracovisko: Oddelenie plastov, kaučuku a vlákien 
500 |a Evid. číslo: FCHPT-13569-77602 
910 |a SCHK95 
999 |c 9048  |d 9048